000 00677nam a2200289Ia 4500
005 20260324132414.0
008 008 260324s9999 xx 000 0 eng d
020 _a9781351218108
037 _aEBOOK
040 _aCRL
040 _beng
040 _cCRL
041 _2eng
041 _aeng
084 _qCRL
100 _aRehan Hyder
_91189155
245 0 _aBrimful of Asia
245 0 _bNegotiating Ethnicity on the UK Music Scene
260 _bTaylor and Francis
260 _c2004
365 _a
365 _b80.99
856 _uhttp://www.taylorfrancis.com/books/9781351218108
942 _cEBOOK
999 _c1787243
_d1787243